000 00371nam a2200169Ia 4500
001 13830
005 20260306164830.0
008 260306t9999||||xx |||||||||||||| ||spa||
041 _aESP
082 _a005.369
_bL25 1999
100 _aLarman, Craig
_eAUT
245 0 _aUML y patrones
300 _a
_c
650 _aGEN
654 _aCCC
942 _cLIB
_dJUS
_fJUS
_2ddc
_n
999 _c13830
_d13830